Statistiques concernant Capitales d'Amérique du Sud - Carte

Cliquez ici pour prendre le quiz!

Statistiques générales

  • Ce quiz a été pris 222 fois
    (211 depuis la dernière actualisation)
  • Le résultat moyen est 9 sur 12

Réponses sur la Carte

Les réponses sont colorées sur une échelle allant du rouge au vert en fonction du pourcentage des utilisateurs qui les ont devinées à leur premier essai. Vous pouvez retrouver ces pourcentages ci-dessous.
 

Statistiques - réponses

Capitale% Correct
Brasilia
97%
Buenos Aires
97%
Lima
87%
Bogota
86%
Caracas
81%
Santiago
80%
Montevideo
79%
Quito
73%
La Paz
66%
Asuncion
60%
Georgetown
52%
Paramaribo
47%

Distribution des résultats

Percentile par nombre de réponses

% des personnes avec chaque résultat

Votre développement - résultats

Vous n’avez pas pris ce quiz depuis la dernière actualisation